| 000 | 00560nam a22002057a 4500 | ||
|---|---|---|---|
| 005 | 20241011150957.0 | ||
| 010 | _aENG-141259 ENG-142129 | ||
| 020 |
_a9789357943567 _c695.00 |
||
| 035 | _aEN-124791 | ||
| 035 | _aEN-125661 | ||
| 037 | _bDBAD | ||
| 082 | _aS | ||
| 100 |
_aDickens, Charles _972714 |
||
| 245 |
_aOliver Twist/ _cby Charles Dickens |
||
| 250 | _a2 | ||
| 260 |
_aNew Delhi _bValue& Substance Publishers _c202[?] |
||
| 270 |
_aF-2/16, Ansari Road, Daryaganj, _bNew Delhi _e110002 |
||
| 300 |
_a433p. _c22cm(pbk) |
||
| 942 |
_2ddc _cEN _hS _mDIC |
||
| 999 |
_c204924 _d204924 |
||